| 000 | 01493cam a22003495a 4500 | ||
|---|---|---|---|
| 001 | 12583587 | ||
| 005 | 20161013124826.0 | ||
| 006 | a||||fq||z 00| 0 | ||
| 008 | 011107t2002 nyua frb 001 0 eng d | ||
| 010 | _a 2001056875 | ||
| 020 | _a0471099554 (cloth : alk. paper) | ||
| 020 | _a9780471099550 | ||
| 040 |
_aDLC _beng _cDLC _dDLC _dEG-ScBUE |
||
| 082 | 0 | 4 |
_a620.82 _bMEA _222 |
| 245 | 0 | 4 |
_aThe measure of man and woman : _bhuman factors in design / _cAlvin R. Tilley ; Henry Dreyfuss Associates ; with an introduction by Stephen B. Wilcox. |
| 250 | _aRev. ed. | ||
| 260 |
_aNew York : _bJohn Wiley & Sons, _cc.2002. |
||
| 300 |
_a98 p. : _bill. ; _c24 cm. + _e1 CD-ROM (4 3/4 inch) |
||
| 504 | _aIncludes bibliographical references (p. 95-96) and index. | ||
| 650 | 7 |
_aHuman engineering. _2BUEsh _931863 |
|
| 650 | 0 |
_aIndustrial design. _2BUEsh |
|
| 651 | _2BUEsh | ||
| 653 |
_bENGARC _cOctober2016 |
||
| 700 | 1 | _aTilley, Alvin R. | |
| 700 | 1 |
_aWilcox, Stephen B. _eauthor of introduction, etc. |
|
| 710 | 2 | _aHenry Dreyfuss Associates. | |
| 856 | 4 | 2 |
_3Contributor biographical information _uhttp://www.loc.gov/catdir/bios/wiley044/2001056875.html |
| 856 | 4 | 2 |
_3Publisher description _uhttp://www.loc.gov/catdir/description/wiley037/2001056875.html |
| 856 | 4 | 1 |
_3Table of contents _uhttp://www.loc.gov/catdir/toc/wiley021/2001056875.html |
| 942 | _2ddc | ||
| 999 |
_c22562 _d22534 |
||